000
00367nam a2200145Ia 4500
008
231129s1989||||xx |||||||||||||| ||spa||
020
_a
958-95108-8-4
040
_b
spa
082
_a
364.1066 G633s
100
_a
Gomez Hurtado Alvaro
245
0
_a
Soy libre
260
_c
1989
264
_a
Ediciones Gama
942
_2
ddc
_c
BKS
999
_c
24842
_d
24842